[Event "21 Open Ciudad de Jaen"]
[Site "Jaen ESP"]
[Date "2011.02.06"]
[Round "1.1"]
[White "Georgiev, Kiril"]
[Black "Georgieva, Emilia"]
[Result "1-0"]
[WhiteElo "2669"]
[BlackElo "1907"]
[PlyCount "47"]
[EventDate "2011.02.06"]
[EventType "swiss (rapid)"]
[EventRounds "9"]
[EventCountry "ESP"]
[Source "lmi"]
[SourceDate "2011.02.06"]

1. d4 c6 2. Nf3 d5 3. Bf4 Nf6 4. e3 Nbd7 5. c4 e6 6. Nc3 Be7 7. h3 b6 8. Bd3
Bb7 9. O-O O-O 10. Rc1 a5 11. e4 dxe4 12. Nxe4 Nxe4 13. Bxe4 a4 14. Qe2 a3 15.
b3 Nf6 16. Bc2 Re8 17. Rcd1 Bb4 18. Ne5 Qe7 19. Bg5 Rac8 20. Rd3 h6 21. Bxf6
gxf6 22. Rg3+ Kh8 23. Qh5 Qf8 24. Qd1 1-0

[Event "21 Open Ciudad de Jaen"]
[Site "Jaen ESP"]
[Date "2011.02.06"]
[Round "1.2"]
[White "Caballero Serena, Jose"]
[Black "Fedorchuk, Sergey A"]
[Result "0-1"]
[WhiteElo "1903"]
[BlackElo "2650"]
[PlyCount "29"]
[EventDate "2011.02.06"]
[EventType "swiss (rapid)"]
[EventRounds "9"]
[EventCountry "ESP"]
[Source "lmi"]
[SourceDate "2011.02.06"]

1. d4 Nf6 2. Nf3 e6 3. e3 c5 4. c3 b6 5. Bd3 Bb7 6. Nbd2 Nc6 7. O-O Qc7 8. Qe2
Be7 9. e4 cxd4 10. cxd4 Nb4 11. Bb1 Ba6 12. Qe3 Bxf1 13. Kxf1 Ng8 14. Ke1 Qd8
15. Ng1 0-1

[Event "21 Open Ciudad de Jaen"]
[Site "Jaen ESP"]
[Date "2011.02.06"]
[Round "1.3"]
[White "Granda Zuñiga, Julio E"]
[Black "Varela Cuadrado, Cesar M"]
[Result "1-0"]
[WhiteElo "2615"]
[BlackElo "1899"]
[PlyCount "49"]
[EventDate "2011.02.06"]
[EventType "swiss (rapid)"]
[EventRounds "9"]
[EventCountry "ESP"]
[Source "lmi"]
[SourceDate "2011.02.06"]

1. d4 f5 2. g3 Nf6 3. Bg2 d6 4. Nf3 g6 5. b4 Bg7 6. Bb2 O-O 7. O-O c6 8. c4 Na6
9. Qb3 Kh8 10. Nc3 Nc7 11. a4 Qe8 12. Rfe1 h6 13. e4 e5 14. exf5 e4 15. fxg6
Qxg6 16. Nh4 Qf7 17. d5 cxd5 18. cxd5 Nfxd5 19. Nxe4 Be6 20. Qa3 Rae8 21. Bxg7+
Qxg7 22. Nxd6 Qf6 23. Nxe8 Qxf2+ 24. Kh1 Nf4 25. Qc3+ 1-0

[Event "21 Open Ciudad de Jaen"]
[Site "Jaen ESP"]
[Date "2011.02.06"]
[Round "1.4"]
[White "Diaz Rodriguez, Francisco Javier"]
[Black "Iturrizaga, Eduardo"]
[Result "0-1"]
[WhiteElo "2179"]
[BlackElo "2611"]
[PlyCount "68"]
[EventDate "2011.02.06"]
[EventType "swiss (rapid)"]
[EventRounds "9"]
[EventCountry "ESP"]
[Source "lmi"]
[SourceDate "2011.02.06"]

1. d4 Nf6 2. Nc3 d5 3. e4 dxe4 4. f3 exf3 5. Nxf3 Bg4 6. h3 Bxf3 7. Qxf3 c6 8.
Be3 e6 9. Bd3 Nbd7 10. O-O-O Bb4 11. Ne4 Qa5 12. Kb1 Nxe4 13. Qxe4 Nf6 14. Qf3
O-O-O 15. c3 Bd6 16. Rhf1 Rd7 17. g4 h6 18. h4 Qc7 19. g5 hxg5 20. Bxg5 Nd5 21.
Rde1 a6 22. Rg1 c5 23. dxc5 Bxc5 24. Rg4 Kb8 25. Be4 f5 26. Bxd5 fxg4 27. Qxg4
exd5 28. Re6 Ka8 29. Qe2 Rc8 30. h5 d4 31. cxd4 Bxd4 32. h6 gxh6 33. Bxh6 Rd6
34. Bf4 Rxe6 0-1

[Event "21 Open Ciudad de Jaen"]
[Site "Jaen ESP"]
[Date "2011.02.06"]
[Round "1.5"]
[White "Matamoros Franco, Carlos S"]
[Black "Soto Febrer, Francisco Jose"]
[Result "1-0"]
[WhiteElo "2545"]
[BlackElo "1842"]
[PlyCount "76"]
[EventDate "2011.02.06"]
[EventType "swiss (rapid)"]
[EventRounds "9"]
[EventCountry "ESP"]
[Source "lmi"]
[SourceDate "2011.02.06"]

1. Nf3 Nf6 2. c4 g6 3. g3 Bg7 4. Bg2 O-O 5. Nc3 c6 6. d4 d5 7. Qb3 dxc4 8. Qxc4
Qc7 9. O-O Be6 10. Qa4 Nbd7 11. Ng5 Bd5 12. e4 Nb6 13. Qc2 Bc4 14. Rd1 Rad8 15.
Bf4 Qc8 16. b3 Ba6 17. h3 Nh5 18. Be3 Qc7 19. e5 h6 20. Ne6 fxe6 21. Qxg6 Nxg3
22. fxg3 Kh8 23. Bxh6 Bxh6 24. Qxh6+ Kg8 25. Qg6+ Kh8 26. Be4 Rf5 27. Qh6+ Kg8
28. Qxe6+ Rf7 29. Bg6 Rdf8 30. Bxf7+ Rxf7 31. Rf1 Bxf1 32. Rxf1 c5 33. Qxf7+
Kh8 34. Qf8+ Kh7 35. Rf7+ Kg6 36. Qg8+ Kh6 37. Nb1 Na4 38. b4 cxb4 1-0

[Event "21 Open Ciudad de Jaen"]
[Site "Jaen ESP"]
[Date "2011.02.06"]
[Round "1.6"]
[White "Portillo Castellon, Javier"]
[Black "Rivas Pastor, Manuel"]
[Result "0-1"]
[WhiteElo "1848"]
[BlackElo "2533"]
[PlyCount "120"]
[EventDate "2011.02.06"]
[EventType "swiss (rapid)"]
[EventRounds "9"]
[EventCountry "ESP"]
[Source "lmi"]
[SourceDate "2011.02.06"]

1. d4 Nf6 2. c4 g6 3. Nc3 d5 4. cxd5 Nxd5 5. e4 Nxc3 6. bxc3 Bg7 7. Bc4 O-O 8.
Ne2 c5 9. O-O Nc6 10. Be3 Qc7 11. Rc1 Rd8 12. Qd2 b6 13. Rfd1 Na5 14. Bd3 Bd7
15. Bg5 Ba4 16. Re1 Rd7 17. d5 c4 18. Bc2 Bxc2 19. Qxc2 Nb7 20. Bf4 Be5 21.
Bxe5 Qxe5 22. Nd4 Nc5 23. Nc6 Qc7 24. Re3 Rd6 25. f4 Nd3 26. Rf1 Rxc6 27. dxc6
Qxc6 28. Rxd3 cxd3 29. Qxd3 Rc8 30. Rf3 Qc7 31. Kf2 Rd8 32. Qe2 Qc5+ 33. Re3
Qa3 34. Kf3 Qc1 35. Rd3 Rc8 36. Qd2 Qxd2 37. Rxd2 Rxc3+ 38. Ke2 Ra3 39. Rb2 f5
40. e5 Kf7 41. g3 Ke6 42. Rd2 b5 43. Kf2 b4 44. Rb2 a5 45. Kg2 Rd3 46. Kh3 h6
47. Kh4 Kd5 48. h3 e6 49. Rc2 g5+ 50. fxg5 hxg5+ 51. Kxg5 Rxg3+ 52. Kf4 Rxh3
53. Rd2+ Kc5 54. Rd6 Ra3 55. Rd2 a4 56. Kg5 b3 57. axb3 axb3 58. Kf6 Ra2 59.
Rd8 Ra6 60. Rb8 Rb6 0-1

[Event "21 Open Ciudad de Jaen"]
[Site "Jaen ESP"]
[Date "2011.02.06"]
[Round "2.1"]
[White "Martos Exposito, Manuel"]
[Black "Georgiev, Kiril"]
[Result "0-1"]
[WhiteElo "2107"]
[BlackElo "2669"]
[PlyCount "96"]
[EventDate "2011.02.06"]
[EventType "swiss (rapid)"]
[EventRounds "9"]
[EventCountry "ESP"]
[Source "lmi"]
[SourceDate "2011.02.06"]

1. b3 Nf6 2. Bb2 g6 3. e3 Bg7 4. g3 d5 5. Bg2 c5 6. d3 Nc6 7. Nd2 e5 8. Ne2 O-O
9. h3 Re8 10. g4 Be6 11. Ng3 d4 12. e4 a5 13. a4 Rb8 14. g5 Nd7 15. h4 b5 16.
axb5 Rxb5 17. Ba3 Nb6 18. Nc4 a4 19. Nf1 axb3 20. cxb3 Nxc4 21. bxc4 Ra5 22.
Nd2 Qa8 23. Qc1 Nb4 24. Ke2 Rb8 25. Bxb4 Rxb4 26. Rxa5 Qxa5 27. Qc2 h6 28. Rb1
Ra4 29. Rb5 Qa7 30. Bf3 Bf8 31. Kf1 Ra2 32. Rb2 Ra1+ 33. Kg2 hxg5 34. hxg5 Qe7
35. Nf1 Qxg5+ 36. Ng3 Qh6 37. Bd1 Qh3+ 38. Kg1 Bh6 39. Rb1 Ra3 40. Bf3 Be3 41.
Bg2 Qxg3 42. fxe3 Qxe3+ 43. Kh1 Rxd3 44. Qa4 Kg7 45. Qe8 Qh6+ 46. Kg1 Qe3+ 47.
Kh1 Qg3 48. Rf1 Rd2 0-1

[Event "21 Open Ciudad de Jaen"]
[Site "Jaen ESP"]
[Date "2011.02.06"]
[Round "2.2"]
[White "Fedorchuk, Sergey A"]
[Black "Aranaz Portugues, Jose Carlos"]
[Result "1-0"]
[WhiteElo "2650"]
[BlackElo "2125"]
[PlyCount "69"]
[EventDate "2011.02.06"]
[EventType "swiss (rapid)"]
[EventRounds "9"]
[EventCountry "ESP"]
[Source "lmi"]
[SourceDate "2011.02.06"]

1. e4 c6 2. d4 d5 3. e5 c5 4. c4 e6 5. dxc5 Bxc5 6. Nc3 Ne7 7. Nf3 O-O 8. cxd5
exd5 9. Bd3 Bf5 10. O-O Bg6 11. Bxg6 hxg6 12. Qd3 Nbc6 13. Ng5 Qd7 14. Nce4
Nxe5 15. Nxc5 Nxd3 16. Nxd7 Rfd8 17. Rd1 Nxc1 18. Ne5 Ne2+ 19. Kf1 Nf4 20.
Ngxf7 Rf8 21. Ng5 Nc6 22. Nxc6 bxc6 23. g3 Nh5 24. Rac1 Rf5 25. f4 Raf8 26. Kg2
Rb8 27. b3 Rf6 28. Rc5 Rd6 29. Rdc1 Rb6 30. Re1 Nf6 31. Re7 Ra6 32. Rc2 Rd7 33.
Re6 Rc7 34. Rce2 Kf8 35. Rxf6+ 1-0

[Event "21 Open Ciudad de Jaen"]
[Site "Jaen ESP"]
[Date "2011.02.06"]
[Round "2.3"]
[White "Molina Perez, Jesus"]
[Black "Granda Zuñiga, Julio E"]
[Result "0-1"]
[WhiteElo "2079"]
[BlackElo "2615"]
[PlyCount "82"]
[EventDate "2011.02.06"]
[EventType "swiss (rapid)"]
[EventRounds "9"]
[EventCountry "ESP"]
[Source "lmi"]
[SourceDate "2011.02.06"]

1. e4 c6 2. d4 d5 3. Nc3 dxe4 4. Nxe4 Bf5 5. Ng3 Bg6 6. Nf3 Nd7 7. h4 h6 8. h5
Bh7 9. Bd3 Bxd3 10. Qxd3 e6 11. Bd2 Ngf6 12. c4 b5 13. O-O bxc4 14. Qxc4 Qb6
15. Ne5 Nxe5 16. dxe5 Nd5 17. a3 Be7 18. b4 O-O 19. Rfe1 c5 20. Qg4 Kh8 21.
bxc5 Qxc5 22. Be3 Nxe3 23. Rxe3 Rad8 24. Ne2 Bg5 25. Re4 Rd3 26. Rd4 Qxe5 27.
Rxd3 Qxa1+ 28. Kh2 Kg8 29. Qe4 Qe1 30. Qf3 Bf6 31. Ng3 Qe5 32. Qe4 Qc5 33. Qf3
Be5 34. Kh3 Qe7 35. Ne4 f5 36. Nd2 Bb8 37. Nc4 Kh7 38. g3 e5 39. Qd5 e4 40. Rd2
Qg5 41. Ne3 Rh8 0-1

[Event "21 Open Ciudad de Jaen"]
[Site "Jaen ESP"]
[Date "2011.02.06"]
[Round "2.4"]
[White "Iturrizaga, Eduardo"]
[Black "Justiniano Marquez, Marco Ant"]
[Result "1-0"]
[WhiteElo "2611"]
[BlackElo "2082"]
[PlyCount "74"]
[EventDate "2011.02.06"]
[EventType "swiss (rapid)"]
[EventRounds "9"]
[EventCountry "ESP"]
[Source "lmi"]
[SourceDate "2011.02.06"]

1. Nf3 d5 2. c4 c6 3. e3 Nf6 4. Nc3 g6 5. b3 Bg7 6. Bb2 O-O 7. Be2 Bg4 8. O-O
e6 9. d4 Re8 10. h3 Bxf3 11. Bxf3 Nbd7 12. Rc1 a5 13. Ba3 h5 14. Bd6 e5 15.
cxd5 e4 16. Be2 Nxd5 17. Nxd5 cxd5 18. Bb5 Re6 19. Bh2 Nb8 20. Rc7 Rb6 21. Qc2
Na6 22. Rd7 Qc8 23. Qxc8+ Rxc8 24. Bxa6 bxa6 25. Rxd5 Rc2 26. Rxa5 Bf8 27. Ra4
Bb4 28. a3 Be7 29. Rc4 Rb2 30. b4 Rb5 31. Rc8+ Kg7 32. Re8 Rb7 33. d5 a5 34.
Be5+ Bf6 35. Bxb2 Bxb2 36. bxa5 Bxa3 37. Rxe4 Bf8 1-0

[Event "21 Open Ciudad de Jaen"]
[Site "Jaen ESP"]
[Date "2011.02.06"]
[Round "2.5"]
[White "Tamajon Castilla, Francisco"]
[Black "Matamoros Franco, Carlos S"]
[Result "0-1"]
[WhiteElo "2030"]
[BlackElo "2545"]
[PlyCount "138"]
[EventDate "2011.02.06"]
[EventType "swiss (rapid)"]
[EventRounds "9"]
[EventCountry "ESP"]
[Source "lmi"]
[SourceDate "2011.02.06"]

1. d4 Nf6 2. c4 g6 3. g3 Bg7 4. Bg2 O-O 5. Nf3 d6 6. O-O Nbd7 7. Nc3 e5 8. h3
a6 9. Rb1 Re8 10. e4 c6 11. d5 cxd5 12. cxd5 b5 13. a3 Nb6 14. Qe2 Bd7 15. b3
a5 16. Be3 b4 17. Bxb6 Qxb6 18. Na4 Qb7 19. Nb2 bxa3 20. Nc4 Qb4 21. Rfe1 Nxe4
22. Qxe4 Bf5 23. Qe3 Bxb1 24. Rxb1 e4 25. Nd4 Bxd4 26. Qxd4 a4 27. Qf6 axb3 28.
Nxd6 Qxd6 29. Qxd6 a2 30. Rxb3 a1=Q+ 31. Kh2 Qa2 32. Qb6 Rad8 33. Bxe4 Qa8 34.
Qd4 Qa6 35. Kg2 Qd6 36. Bf3 h5 37. Rb6 Qe5 38. Qxe5 Rxe5 39. h4 Kf8 40. Rb7 Re7
41. Rb2 Rd6 42. Rb8+ Kg7 43. Rb4 Re5 44. Ra4 Rf5 45. Rb4 Kf6 46. Rc4 Re5 47.
Rf4+ Kg7 48. Rc4 Kh6 49. Rc7 f6 50. Rc8 Re7 51. Rh8+ Kg7 52. Rc8 f5 53. Rc2 Kf6
54. Rc8 Ra7 55. Rc2 Ra4 56. Re2 Rda6 57. Re1 Ra2 58. Rd1 Ke7 59. Re1+ Kd7 60.
Re2 Rxe2 61. Bxe2 Ra2 62. Bb5+ Kd8 63. Kf3 Rd2 64. Bc4 Ke7 65. Ke3 Rd1 66. f3
Rd2 67. Bb5 Kd8 68. Kf4 Rxd5 69. Bc6 Ke7 0-1

[Event "21 Open Ciudad de Jaen"]
[Site "Jaen ESP"]
[Date "2011.02.06"]
[Round "2.6"]
[White "Rivas Pastor, Manuel"]
[Black "Gadeo Colomina, Francisco"]
[Result "1-0"]
[WhiteElo "2533"]
[BlackElo "2046"]
[PlyCount "97"]
[EventDate "2011.02.06"]
[EventType "swiss (rapid)"]
[EventRounds "9"]
[EventCountry "ESP"]
[Source "lmi"]
[SourceDate "2011.02.06"]

1. e4 c6 2. d4 d5 3. e5 Bf5 4. Be3 e6 5. Nd2 Ne7 6. Be2 Bg6 7. f4 Nf5 8. Bf2 h5
9. c3 Nd7 10. b4 b5 11. a4 a6 12. a5 Be7 13. Ngf3 Qc7 14. Nb3 O-O-O 15. Qd2
Rde8 16. O-O-O f6 17. g3 Nh6 18. h3 Be4 19. Rhg1 Reg8 20. Rdf1 Nf5 21. g4 hxg4
22. hxg4 Nh6 23. Qe1 f5 24. g5 Ng4 25. Nbd2 g6 26. Rh1 Qd8 27. Bg3 Rxh1 28.
Rxh1 Rh8 29. Nxe4 dxe4 30. Nh4 Nf8 31. Bxg4 fxg4 32. Qxe4 Qd5 33. Qxd5 cxd5 34.
Rh2 Kd7 35. Kd2 Ke8 36. Ke2 Kf7 37. Ng2 Nh7 38. Ne3 Kg7 39. Nxg4 Rc8 40. Nf6
Nf8 41. Kd3 Rc4 42. Be1 Rc8 43. Rh1 Rc6 44. Ng4 Rc8 45. Nh2 Nh7 46. Nf3 Nf8 47.
Nd2 Rc4 48. Nxc4 dxc4+ 49. Ke4 1-0

[Event "21 Open Ciudad de Jaen"]
[Site "Jaen ESP"]
[Date "2011.02.06"]
[Round "2.8"]
[White "Campora Sivori, Daniel H"]
[Black "Cano Padilla, Ruben Jesus"]
[Result "1-0"]
[WhiteElo "2488"]
[BlackElo "2030"]
[PlyCount "46"]
[EventDate "2011.02.06"]
[EventType "swiss (rapid)"]
[EventRounds "9"]
[EventCountry "ESP"]
[Source "lmi"]
[SourceDate "2011.02.06"]

1. e4 c5 2. Nf3 d6 3. d4 cxd4 4. Nxd4 Nf6 5. Nc3 a6 6. Be2 e6 7. O-O Be7 8. a4
O-O 9. Be3 Qc7 10. f4 Nc6 11. Qe1 Re8 12. Qg3 Rb8 13. Rad1 Bd7 14. e5 dxe5 15.
fxe5 Nd5 16. Nxd5 exd5 17. e6 Qxg3 18. exf7+ Kh8 19. fxe8=Q+ Rxe8 20. hxg3 Bc5
21. Bf2 Bc8 22. Ra1 Nb8 23. Nf3 Bf8 1-0

[Event "21 Open Ciudad de Jaen"]
[Site "Jaen ESP"]
[Date "2011.02.06"]
[Round "2.9"]
[White "Salido Polo, Veronica"]
[Black "Plaskett, H James"]
[Result "0-1"]
[WhiteElo "2029"]
[BlackElo "2475"]
[PlyCount "90"]
[EventDate "2011.02.06"]
[EventType "swiss (rapid)"]
[EventRounds "9"]
[EventCountry "ESP"]
[Source "lmi"]
[SourceDate "2011.02.06"]

1. e4 c5 2. Nf3 d6 3. d4 cxd4 4. Nxd4 Nf6 5. Nc3 e6 6. Be3 a6 7. a4 Nc6 8. Be2
Be7 9. O-O O-O 10. Qd2 Qc7 11. f4 Bd7 12. Kh1 Rac8 13. Rf3 Rfd8 14. Rg3 Kh8 15.
Re1 Na5 16. Bd3 Nc4 17. Qc1 Nxb2 18. Bd2 Nxd3 19. cxd3 e5 20. fxe5 dxe5 21.
Nde2 Be6 22. Qb2 h6 23. Rc1 Qd7 24. Rb1 Nh5 25. Rf3 Rc7 26. Qc1 Rdc8 27. Bxh6
Kh7 28. Bg5 f6 29. Bd2 b5 30. axb5 axb5 31. Qe1 b4 32. Qh4 bxc3 33. Qxh5+ Kg8
34. Bh6 Bg4 35. Qg6 Bf8 36. Rg3 Bxe2 37. Qxf6 Rc6 38. Qh4 c2 39. Rc1 Bxd3 40.
Bg5 Bxe4 41. Re1 c1=Q 42. Bxc1 Rxc1 43. Qxe4 Qd2 44. Rge3 Rxe1+ 45. Rxe1 Rc3
0-1

[Event "21 Open Ciudad de Jaen"]
[Site "Jaen ESP"]
[Date "2011.02.06"]
[Round "3.1"]
[White "Georgiev, Kiril"]
[Black "Milchev, Nikolay"]
[Result "1-0"]
[WhiteElo "2669"]
[BlackElo "2358"]
[PlyCount "61"]
[EventDate "2011.02.06"]
[EventType "swiss (rapid)"]
[EventRounds "9"]
[EventCountry "ESP"]
[Source "lmi"]
[SourceDate "2011.02.06"]

1. d4 d5 2. Nf3 Nc6 3. c4 Bg4 4. cxd5 Bxf3 5. gxf3 Qxd5 6. e3 e5 7. Nc3 Bb4 8.
Bd2 Bxc3 9. bxc3 Nf6 10. c4 Qd6 11. d5 Nb8 12. Rb1 b6 13. Qa4+ Nfd7 14. Bb4 c5
15. Bc3 O-O 16. Rg1 Nf6 17. Bh3 Nbd7 18. Qc6 Qe7 19. d6 Qd8 20. f4 Re8 21. Rd1
g6 22. fxe5 Nxe5 23. Bxe5 Rxe5 24. d7 Kg7 25. Qxa8 Qxa8 26. d8=Q Qf3 27. Rg3
Qh1+ 28. Ke2 Qxh2 29. Rf3 Ne4 30. Rf5 Rd5 31. Bf1 1-0

[Event "21 Open Ciudad de Jaen"]
[Site "Jaen ESP"]
[Date "2011.02.06"]
[Round "3.2"]
[White "Guerra Bastida, Diego"]
[Black "Fedorchuk, Sergey A"]
[Result "0-1"]
[WhiteElo "2413"]
[BlackElo "2650"]
[PlyCount "104"]
[EventDate "2011.02.06"]
[EventType "swiss (rapid)"]
[EventRounds "9"]
[EventCountry "ESP"]
[Source "lmi"]
[SourceDate "2011.02.06"]

1. d4 Nf6 2. c4 e6 3. g3 Bb4+ 4. Nd2 c5 5. Ngf3 cxd4 6. Nxd4 Qb6 7. e3 Nc6 8.
a3 Be7 9. N2f3 d5 10. cxd5 Nxd5 11. Bg2 O-O 12. O-O Rd8 13. Qc2 Bd7 14. b4 Rac8
15. Qb3 Bf6 16. Bb2 Na5 17. bxa5 Qxb3 18. Nxb3 Bxb2 19. Ra2 Bf6 20. Nbd4 Nc3
21. Rb2 e5 22. Nb3 Bb5 23. Re1 Na4 24. Rd2 Bd3 25. Rc1 e4 26. Nfd4 g6 27. Rxc8
Rxc8 28. f3 Bg5 29. Kf2 Nc3 30. f4 Be7 31. Bf1 Bb1 32. Nb5 Nxb5 33. Bxb5 Bxa3
34. Nd4 Rc1 35. Ne2 Rc5 36. Nd4 Bc1 37. Nb3 Bxd2 38. Nxc5 Bxa5 39. Nxb7 Bb4 40.
Nd8 a5 41. Bc4 a4 42. Nxf7 a3 43. Ne5+ Kg7 44. Nc6 Bc3 45. Nd4 Bxd4 46. exd4 a2
47. Bxa2 Bxa2 48. Ke3 Bd5 49. g4 Kf6 50. h3 Ke6 51. Ke2 Bc6 52. Ke3 Kd5 0-1

[Event "21 Open Ciudad de Jaen"]
[Site "Jaen ESP"]
[Date "2011.02.06"]
[Round "3.3"]
[White "Granda Zuñiga, Julio E"]
[Black "Almagro Mazariegos, Sebastian"]
[Result "1-0"]
[WhiteElo "2615"]
[BlackElo "2308"]
[PlyCount "65"]
[EventDate "2011.02.06"]
[EventType "swiss (rapid)"]
[EventRounds "9"]
[EventCountry "ESP"]
[Source "lmi"]
[SourceDate "2011.02.06"]

1. d4 Nf6 2. Nf3 g6 3. g3 Bg7 4. Bg2 O-O 5. c4 d6 6. Nc3 Nbd7 7. O-O e5 8. e4
exd4 9. Nxd4 Re8 10. b3 a6 11. Bb2 Rb8 12. Qc2 c5 13. Nde2 b5 14. cxb5 axb5 15.
Rad1 b4 16. Na4 Qe7 17. Nf4 Bb7 18. Rfe1 g5 19. Nd3 Ng4 20. Bxg7 Kxg7 21. Nab2
Qf6 22. Nc4 Nde5 23. Ndxe5 dxe5 24. Nd6 Re6 25. Qxc5 Ba8 26. h3 Nh6 27. Qc7 Rf8
28. Rd2 g4 29. h4 Ng8 30. Nf5+ Kh8 31. Red1 Ne7 32. Rd8 Rxd8 33. Rxd8+ 1-0

[Event "21 Open Ciudad de Jaen"]
[Site "Jaen ESP"]
[Date "2011.02.06"]
[Round "3.4"]
[White "Badev, Kiril"]
[Black "Iturrizaga, Eduardo"]
[Result "0-1"]
[WhiteElo "2310"]
[BlackElo "2611"]
[PlyCount "82"]
[EventDate "2011.02.06"]
[EventType "swiss (rapid)"]
[EventRounds "9"]
[EventCountry "ESP"]
[Source "lmi"]
[SourceDate "2011.02.06"]

1. e4 c5 2. Nf3 g6 3. c4 Nc6 4. d4 cxd4 5. Nxd4 Nf6 6. Nc3 d6 7. Be2 Nxd4 8.
Qxd4 Bg7 9. Be3 O-O 10. Qd2 a5 11. O-O a4 12. Rac1 Qa5 13. Rc2 Be6 14. Rb1 Rfc8
15. b3 axb3 16. axb3 Qb4 17. f3 Nd7 18. Nb5 Qxd2 19. Rxd2 Nc5 20. Kf2 f5 21.
Nd4 Bd7 22. b4 Na4 23. exf5 gxf5 24. Nb5 Bxb5 25. cxb5 Nc3 26. Rb3 Nxe2 27.
Kxe2 Kf7 28. Bd4 e5 29. Bb6 Ke6 30. Rbd3 Bf8 31. g4 fxg4 32. fxg4 Rc4 33. h3
Rxb4 34. Bc7 e4 35. Rd5 Ra2 36. Rxa2 Kxd5 37. Ra8 Rb2+ 38. Kd1 Bh6 39. b6 Be3
40. Rd8 Bc5 41. Rd7 e3 0-1

[Event "21 Open Ciudad de Jaen"]
[Site "Jaen ESP"]
[Date "2011.02.06"]
[Round "3.5"]
[White "Matamoros Franco, Carlos S"]
[Black "Sanchez Jimenez, Juan Carlos"]
[Result "1-0"]
[WhiteElo "2545"]
[BlackElo "2249"]
[PlyCount "66"]
[EventDate "2011.02.06"]
[EventType "swiss (rapid)"]
[EventRounds "9"]
[EventCountry "ESP"]
[Source "lmi"]
[SourceDate "2011.02.06"]

1. c4 f5 2. Nf3 Nf6 3. g3 d6 4. d4 e6 5. Bg2 Be7 6. O-O O-O 7. b4 Ne4 8. Bb2
Bf6 9. Nbd2 a5 10. b5 a4 11. Rc1 c6 12. bxc6 bxc6 13. Ba3 Re8 14. e3 Nd7 15. d5
exd5 16. cxd5 c5 17. Nxe4 Rxe4 18. Nh4 Bxh4 19. gxh4 Rxh4 20. f4 Nf6 21. Bb2
Ng4 22. Qd2 Rxh2 23. Qc3 Ra7 24. Rc2 Qh4 25. Qe1 Qh5 26. Qg3 Re7 27. Re1 Bb7
28. Rd2 Ba6 29. Bc3 Bc4 30. e4 fxe4 31. Rxe4 Bxd5 32. Rxd5 Rxe4 33. Bf1 Rh1+
1-0

[Event "21 Open Ciudad de Jaen"]
[Site "Jaen ESP"]
[Date "2011.02.06"]
[Round "3.6"]
[White "Hernandez, Alexander"]
[Black "Rivas Pastor, Manuel"]
[Result "1/2-1/2"]
[WhiteElo "2285"]
[BlackElo "2533"]
[PlyCount "114"]
[EventDate "2011.02.06"]
[EventType "swiss (rapid)"]
[EventRounds "9"]
[EventCountry "ESP"]
[Source "lmi"]
[SourceDate "2011.02.06"]

1. e4 g6 2. d4 Bg7 3. Nc3 d6 4. Nf3 a6 5. a4 Bg4 6. Be2 Nc6 7. Be3 e5 8. d5
Nce7 9. Nd2 Bxe2 10. Qxe2 Bh6 11. Nc4 Bxe3 12. Nxe3 Nf6 13. O-O-O Nh5 14. g3
O-O 15. Rhf1 f5 16. exf5 Nxf5 17. Nxf5 Rxf5 18. f4 exf4 19. g4 Re5 20. Qd2 Ng7
21. Rxf4 Qe7 22. Rdf1 Re8 23. Qf2 h5 24. h3 Re1+ 25. Rxe1 Qxe1+ 26. Qxe1 Rxe1+
27. Kd2 Rh1 28. Rf6 Rxh3 29. Rxg6 Kf7 30. gxh5 Rxh5 31. Rg2 Ne8 32. Kd3 Nf6 33.
Kc4 Rh4+ 34. Kb3 Rd4 35. Rg5 Nd7 36. Ka3 Ne5 37. Rh5 Rg4 38. b3 Ke7 39. Rh7+
Nf7 40. Ne2 Kf6 41. c4 Rg7 42. Rxg7 Kxg7 43. Nd4 Ng5 44. Kb4 Kf6 45. a5 Ne4 46.
Ne6 c5+ 47. dxc6 bxc6 48. Nd8 c5+ 49. Ka3 Ke7 50. Nc6+ Kd7 51. Nb8+ Kc7 52.
Nxa6+ Kb7 53. Nxc5+ dxc5 54. b4 Ka6 55. bxc5 Kxa5 56. c6 Kb6 57. c5+ Kc7
1/2-1/2

[Event "21 Open Ciudad de Jaen"]
[Site "Jaen ESP"]
[Date "2011.02.06"]
[Round "3.8"]
[White "Ruiz Sanchez, Miguel Angel"]
[Black "Campora Sivori, Daniel H"]
[Result "1/2-1/2"]
[WhiteElo "2248"]
[BlackElo "2488"]
[PlyCount "109"]
[EventDate "2011.02.06"]
[EventType "swiss (rapid)"]
[EventRounds "9"]
[EventCountry "ESP"]
[Source "lmi"]
[SourceDate "2011.02.06"]

1. d4 Nf6 2. Bf4 c5 3. e3 d5 4. c3 Nc6 5. h3 e6 6. Nf3 Be7 7. Nbd2 O-O 8. Bd3
b6 9. Ne5 Bb7 10. Qf3 Nxe5 11. dxe5 Nd7 12. h4 f6 13. Qh3 Kh8 14. exf6 Nxf6 15.
Qxe6 d4 16. Rd1 dxc3 17. Nf3 cxb2 18. Ng5 c4 19. Bb1 Qe8 20. Qxc4 Bc5 21. Qd3
Bb4+ 22. Kf1 a5 23. Kg1 Qe7 24. f3 g6 25. Qd4 Bc5 26. Qxb2 Rad8 27. Kf2 Rfe8
28. Rxd8 Rxd8 29. Ne4 Rf8 30. Be5 Bxe4 31. Bxe4 Kg8 32. Bxf6 Rxf6 33. Ke2 h5
34. Rd1 Kh7 35. Rd7 Qxd7 36. Qxf6 Qg7 37. Qg5 Qh6 38. Qxh6+ Kxh6 39. Kd3 Kg7
40. g4 Be7 41. g5 Bb4 42. Ke2 Bc5 43. Bd5 b5 44. f4 b4 45. Kf3 a4 46. e4 b3 47.
axb3 a3 48. b4 Bxb4 49. f5 gxf5 50. exf5 Bc3 51. Kf4 Bb2 52. Ba2 Bc3 53. f6+
Bxf6 54. gxf6+ Kxf6 55. Ke4 1/2-1/2

[Event "21 Open Ciudad de Jaen"]
[Site "Jaen ESP"]
[Date "2011.02.06"]
[Round "3.9"]
[White "Plaskett, H James"]
[Black "Galvez Extremera, Francisco"]
[Result "1-0"]
[WhiteElo "2475"]
[BlackElo "2163"]
[PlyCount "54"]
[EventDate "2011.02.06"]
[EventType "swiss (rapid)"]
[EventRounds "9"]
[EventCountry "ESP"]
[Source "lmi"]
[SourceDate "2011.02.06"]

1. Nf3 Nf6 2. c4 g6 3. Nc3 Bg7 4. e4 d6 5. d4 O-O 6. Be2 e5 7. O-O Nc6 8. d5
Ne7 9. a4 Nd7 10. a5 f5 11. a6 b6 12. b4 Nf6 13. Bd3 fxe4 14. Nxe4 Bg4 15.
Nxf6+ Bxf6 16. Be4 Nf5 17. Ra3 Nd4 18. Bb2 Nxf3+ 19. Bxf3 Bxf3 20. Rxf3 Bg7 21.
Re1 Qh4 22. Rxf8+ Rxf8 23. Qc2 Rf4 24. g3 Rxc4 25. Qe2 Qg4 26. f3 Qh4 27. Qd1
Bf8 1-0

[Event "21 Open Ciudad de Jaen"]
[Site "Jaen ESP"]
[Date "2011.02.06"]
[Round "4.1"]
[White "Plaskett, H James"]
[Black "Georgiev, Kiril"]
[Result "0-1"]
[WhiteElo "2475"]
[BlackElo "2669"]
[PlyCount "120"]
[EventDate "2011.02.06"]
[EventType "swiss (rapid)"]
[EventRounds "9"]
[EventCountry "ESP"]
[Source "lmi"]
[SourceDate "2011.02.06"]

1. e4 e5 2. Nf3 Nc6 3. Bb5 Nf6 4. O-O Nxe4 5. d4 Nd6 6. Bxc6 dxc6 7. dxe5 Nf5
8. Qe2 Nd4 9. Nxd4 Qxd4 10. Rd1 Bg4 11. Rxd4 Bxe2 12. Nc3 Bh5 13. Bg5 h6 14.
Bh4 Be7 15. Bxe7 Kxe7 16. f3 Rhd8 17. Rad1 Bg6 18. Rxd8 Rxd8 19. Rxd8 Kxd8 20.
Kf2 Bxc2 21. Ke3 Ke7 22. Ne2 c5 23. Nf4 c6 24. Nh5 Bg6 25. Nf4 Bb1 26. a3 a5
27. h4 b5 28. g4 Bc2 29. Nh5 g5 30. hxg5 hxg5 31. f4 Ke6 32. Ng7+ Kd5 33. fxg5
Kxe5 34. Ne8 b4 35. Nf6 c4 36. Nd7+ Kd5 37. Kd2 Bg6 38. Nb6+ Kd4 39. axb4 axb4
40. Nd7 c5 41. Nf6 Ke5 42. Nd7+ Kd5 43. Ke3 Kc6 44. Ne5+ Kd5 45. Nd7 Bd3 46.
Nf6+ Kc6 47. Nh5 Kb5 48. Nf4 Ka4 49. Kd2 Kb3 50. Kc1 Be4 51. Nh3 c3 52. bxc3
Kxc3 53. Nf2 Bf3 54. g6 fxg6 55. g5 b3 56. Kb1 b2 57. Nd3 Kxd3 58. Kxb2 c4 59.
Ka3 c3 60. Kb4 c2 0-1